Central Library OPAC University of Rajshahi

Shorter Oxford English dictionary : (Record no. 27814)

MARC details
000 -LEADER
fixed length control field 01271cam a2200349 a 4500
001 - CONTROL NUMBER
control field 27814
003 - CONTROL NUMBER IDENTIFIER
rucl marc code BD-RjUL
005 - DATE AND TIME OF LATEST TRANSACTION
control field 20250302112136.0
008 - FIXED-LENGTH DATA ELEMENTS--GENERAL INFORMATION
fixed length control field 140327s2002 enk 000 0 eng
020 ## - INTERNATIONAL STANDARD BOOK NUMBER
International Standard Book Number 0198605757
International Standard Book Number 0198604572 (thumb index)
035 ## - SYSTEM CONTROL NUMBER
System control number (BD-RjUL)27893
040 ## - CATALOGING SOURCE
Original cataloging agency DLC
Transcribing agency DLC
Modifying agency DLC
-- BD-RjUL
Language of cataloging eng
041 ## - LANGUAGE CODE
Language code of text/sound track or separate title eng
082 00 - DEWEY DECIMAL CLASSIFICATION NUMBER
Classification number R 423
Edition number 21
Author mark and year SHO V-1 2002
245 00 - TITLE STATEMENT
Title Shorter Oxford English dictionary :
Remainder of title on historical principles
250 ## - EDITION STATEMENT
Edition statement 5th ed.
260 ## - PUBLICATION, DISTRIBUTION, ETC. (IMPRINT)
Place of publication, distribution, etc. Oxford ;
-- New York :
Name of publisher, distributor, etc. Oxford University Press,
Date of publication, distribution, etc. c2002.
300 ## - PHYSICAL DESCRIPTION
Pagination 2 v. (xxvii, 3750 p.) ;
Size 29 cm.
500 ## - GENERAL NOTE
General note Editor-in-chief, Lesley Brown.
General note Rev. ed. of: The new shorter Oxford English dictionary on historical principles. 1993.
505 0# - FORMATTED CONTENTS NOTE
Formatted contents note Volume 1. A -M 1, Volume 1, M-Z,
650 #0 - SUBJECT ADDED ENTRY--TOPICAL TERM
Topical term or geographic name as entry element English language
Form subdivision Dictionaries.
9 (RLIN) 85359
700 1# - ADDED ENTRY--PERSONAL NAME
Personal name Trumble, William R.
Personal name Stevenson, Angus.
Personal name Brown, Lesley.
856 42 - ELECTRONIC LOCATION AND ACCESS
Materials specified Publisher description
Uniform Resource Identifier <a href="http://www.loc.gov/catdir/enhancements/fy0613/2002070244-d.html">http://www.loc.gov/catdir/enhancements/fy0613/2002070244-d.html</a>
Materials specified Table of contents only
Uniform Resource Identifier <a href="http://www.loc.gov/catdir/enhancements/fy0613/2002070244-t.html">http://www.loc.gov/catdir/enhancements/fy0613/2002070244-t.html</a>
942 ## - ADDED ENTRY ELEMENTS (KOHA)
Source of classification or shelving scheme Dewey Decimal Classification
Koha item type Reference
Holdings
Lost status Source of classification or shelving scheme Damaged status Not for loan Collection code Permanent Location Current Location Shelving location Date acquired Source of acquisition Cost, normal purchase price Total Checkouts Full call number Date last seen Copy number Koha item type
  Dewey Decimal Classification   Not For Loan Reference Central Library, University of Rajshahi Central Library, University of Rajshahi   22/03/2014 Paragon Enterprise,Dhaka. 4500.00   R 423 SHO V-1 2002 27/03/2014 C-1 Reference
  Dewey Decimal Classification   Not For Loan Reference Central Library, University of Rajshahi Central Library, University of Rajshahi Reference 14/02/2011 Paragon Enterprize, Dhaka 95.00   R 423 SHO V-1 2002 24/02/2025 C-2 Reference